000 01129nam a22003017a 4500
005 20260311063807.0
008 120403t2006 ag a | |||| 00| 0 spa d
020 _a9505813791
040 _aAR-MoUNM
082 0 _a982.065
_220
_bMIGNO 636
100 1 _92488
_aMignone, Emilio Fermín.
245 1 0 _aIglesia y dictadura :
_bel papel de la iglesia a la luz de sus relaciones con el régimen militar /
_cEmilio Fermín Mignone.
250 _aed. definitiva
260 _aBuenos Aires :
_bColihue,
_c2006.
300 _a268 p. :
_bil. ;
_c22 cm.
490 1 _6(Ediciones del pensamiento nacional).
500 _aEsta publicación está auspiciada por la Secretaría de Derechos Humanos de la Nación.
500 _a30 años del golpe.
500 _aMemoria, verdad y justicia.
650 7 _aHISTORIA
_zARGENTINA
_2unescot
_91914
650 4 _aDERECHOS HUMANOS
_9655
650 7 _2unescot
_93094
_aRELACION IGLESIA-ESTADO
650 7 _2unescot
_aDICTADURA
_9801
650 7 _2mpirdes
_9484
_aGOLPES DE ESTADO
650 7 _950
_aIGLESIA CATOLICA
_2mpirdes
700 1 _93593
_aGermani, Gino,
_d1911-1979
_etr.
_epról.
942 _cLIBRO
999 _c734
_d734